000 00290 a2200145 4500
001 173754
020 _a
040 _cMagnum
100 _aMacario, Pedro
240 1 0 _aA arvore da alegria
_lpor
245 1 0 _aA arvore da alegria
362 0 _a1899
697 _aIJ/GERAL
942 _cBK
999 _c173754
_d173754